[Event "Troy (US Am N/6/24)"]
[Site "?"]
[Date "1995.??.??"]
[Round "?"]
[White "Gentry, Bronson"]
[Black "al-Shareef, Robert"]
[Result "0-1"]
[WhiteElo "1605"]
[BlackElo "1655"]
[PlyCount "64"]
[EventDate "1995.??.??"]

{6/(24)} 1. e4 c5 2. Nf3 d6 3. d4 cxd4 4. Nxd4 Nf6 5. Nc3 a6 6. Be3 e5 7. Nde2
Be6 8. f4 Ng4 9. Bd2 Qb6 10. Qb1 Be7 11. b3 Nc6 12. Qb2 exf4 13. Bxf4 Bf6 14.
O-O-O Nd4 15. Qa3 Nf2 16. Qxd6 Qxd6 17. Bxd6 Nxe2+ 18. Nxe2 Bg5+ 19. Bf4 Bxf4+
20. Nxf4 Nxh1 21. Nxe6 fxe6 22. Bc4 Nf2 23. Rd6 Rc8 24. Rxe6+ Kd7 25. Rb6 Kc7
26. Re6 Rhe8 27. Rxe8 Rxe8 28. Bd5 Nxe4 29. Bxe4 Rxe4 30. Kd2 Kd6 31. Kd3 Rg4
32. g3 b5 0-1

[Event "Detroit (MI Action/2/4)"]
[Site "?"]
[Date "1995.??.??"]
[Round "?"]
[White "Gentry, Bronson"]
[Black "Skidmore, Mike"]
[Result "0-1"]
[WhiteElo "1605"]
[BlackElo "1935"]
[PlyCount "50"]
[EventDate "1995.??.??"]

{2/(4)} 1. e4 c6 2. d4 d5 3. e5 Bf5 4. Ne2 e6 5. Ng3 Bg6 6. Nd2 c5 7. c3 Nc6 8.
Nf3 cxd4 9. cxd4 Bb4+ 10. Bd2 Nge7 11. a3 Bxd2+ 12. Qxd2 Qb6 13. Be2 O-O 14.
O-O Rac8 15. Rad1 h6 16. Nh4 Bh7 17. f4 Be4 18. f5 exf5 19. Nhxf5 Nxf5 20. Nxf5
Bxf5 21. Rxf5 Rc7 22. b4 Rfc8 23. Qf4 Nd8 24. Rh5 Ne6 25. Qg4 Rc1 0-1

[Event "Troy (US Am N/2/29)"]
[Site "?"]
[Date "1995.??.??"]
[Round "?"]
[White "Gentry, Bronson"]
[Black "McCarter, Robert"]
[Result "0-1"]
[WhiteElo "1605"]
[BlackElo "1705"]
[PlyCount "88"]
[EventDate "1995.??.??"]

{2/(29)} 1. e4 c5 2. f4 Nc6 3. Nf3 g6 4. Bc4 e6 5. c3 Bg7 6. d4 cxd4 7. cxd4 d5
8. exd5 exd5 9. Bb3 Nge7 10. O-O O-O 11. Be3 Bg4 12. Nbd2 Nxd4 13. h3 Nxf3+ 14.
Nxf3 Bxf3 15. Rxf3 Bxb2 16. Rb1 Bg7 17. Bd4 b6 18. Bxg7 Kxg7 19. Qd4+ Kg8 20.
Rd1 Qd6 21. Bxd5 Nxd5 22. Qxd5 Qxd5 23. Rxd5 Rfd8 24. Rxd8+ Rxd8 25. Ra3 Rd7
26. Kf2 f5 27. g4 fxg4 28. hxg4 Kf7 29. Kf3 Kf6 30. Rc3 Ke6 31. Re3+ Kd6 32. f5
gxf5 33. gxf5 Re7 34. Rd3+ Ke5 35. Re3+ Kf6 36. Rxe7 Kxe7 37. Ke4 Kf6 38. Kf4
h5 39. Ke4 b5 40. a3 a5 41. Kf4 b4 42. axb4 axb4 43. Ke4 b3 44. Kd3 Kxf5 0-1

[Event "Detroit (WCO/1/16)"]
[Site "?"]
[Date "1995.??.??"]
[Round "?"]
[White "Gentry, Bronson"]
[Black "Martinez, R."]
[Result "1-0"]
[WhiteElo "1605"]
[BlackElo "1605"]
[PlyCount "41"]
[EventDate "1995.??.??"]

{1/(16)} 1. e4 e5 2. Nf3 Nc6 3. Bc4 Bc5 4. c3 Nf6 5. d4 Bb6 6. Bg5 exd4 7. cxd4
h6 8. Bh4 O-O 9. O-O d6 10. Nc3 Nxd4 11. Nxd4 Bxd4 12. Qxd4 Bg4 13. Bxf6 gxf6
14. e5 dxe5 15. Qxg4+ Kh7 16. Ne4 f5 17. Qxf5+ Kg7 18. Qxe5+ Kg8 19. Nf6+ Kh8
20. Nh5+ Kh7 21. Qg7# 1-0

[Event "Detroit (WCO/5/5)"]
[Site "?"]
[Date "1995.??.??"]
[Round "?"]
[White "Gentry, Bronson"]
[Black "Iyer, Krishnan"]
[Result "1-0"]
[WhiteElo "1605"]
[BlackElo "1605"]
[PlyCount "65"]
[EventDate "1995.??.??"]

{5/(5)} 1. e4 c5 2. Nf3 Nc6 3. Nc3 a6 4. a4 e6 5. d4 cxd4 6. Nxd4 Bc5 7. Nf3
Qc7 8. Bd3 Nge7 9. O-O O-O 10. e5 Nxe5 11. Bxh7+ Kxh7 12. Ng5+ Kg6 13. Ne2 f6
14. Nf4+ Kf5 15. Nh7 g5 16. Nxf8 gxf4 17. Qh5+ Ke4 18. Rd1 Qd8 19. Nh7 Nf5 20.
Qe2+ Ne3 21. fxe3 fxe3 22. Re1 Kf5 23. Bxe3 Bxe3+ 24. Qxe3 Kg6 25. Qe4+ Kg7 26.
Re3 Ng6 27. Rg3 f5 28. Qe2 Qh4 29. Ng5 Qd4+ 30. Kh1 Qxb2 31. Rf1 b5 32. Qh5 Kf6
33. Nh7+ 1-0

[Event "Detroit (MI Team/3/3/4)"]
[Site "?"]
[Date "1995.??.??"]
[Round "?"]
[White "Gentry, Bronson"]
[Black "Hill, Brad"]
[Result "0-1"]
[WhiteElo "1605"]
[BlackElo "1605"]
[PlyCount "100"]
[EventDate "1995.??.??"]

{3/3} 1. e4 c5 2. Nf3 d6 3. d4 cxd4 4. c3 dxc3 5. Nxc3 Nc6 6. Bc4 Bg4 7. h3
Bxf3 8. Qxf3 Nf6 9. Bg5 Ne5 10. Bb5+ Nfd7 11. Qg3 a6 12. Ba4 b5 13. Bb3 h6 14.
Qh4 Ng6 15. Qg4 hxg5 16. Qxg5 e6 17. Qg4 Nge5 18. Qg3 Nc5 19. O-O Nxb3 20. axb3
b4 21. Ne2 Qf6 22. f4 Nc6 23. e5 dxe5 24. fxe5 Qxe5 25. Qf3 Qc7 26. Rac1 Qa7+
27. Kh1 Ne5 28. Qe4 Bd6 29. Nd4 Rd8 30. Rfe1 f5 31. Qe3 Ng4 32. Qxe6+ Kf8 33.
Qxf5+ Nf6 34. Nc6 Kf7 35. Nxd8+ Rxd8 36. Qe6+ Kg6 37. Rc4 Qf2 38. Qe3 Qxe3 39.
Rxe3 Bb8 40. Re1 a5 41. Rc5 Rd2 42. Rxa5 Rxb2 43. Rb5 Bg3 44. Rd1 Rxb3 45. Ra5
Ne4 46. Kg1 Rb2 47. Raa1 Nc3 48. Rd3 Be5 49. Ra5 Kf5 50. Rf3+ Ke4 0-1

[Event "Eastpointe (EDO/3/6)"]
[Site "?"]
[Date "1995.??.??"]
[Round "?"]
[White "Gentry, Bronson"]
[Black "Grams, Paul"]
[Result "1-0"]
[WhiteElo "1605"]
[BlackElo "1805"]
[PlyCount "89"]
[EventDate "1995.??.??"]

{3/(6)} 1. e4 c5 2. Nf3 d6 3. Bc4 a6 4. c3 Nf6 5. Qe2 b5 6. Bb3 Bb7 7. Bc2 e5
8. O-O Be7 9. d4 Qc7 10. dxe5 dxe5 11. Ng5 O-O 12. f4 c4 13. fxe5 Qxe5 14. Bf4
Bc5+ 15. Kh1 Qe7 16. e5 Nbd7 17. Re1 Rfe8 18. Nd2 Nf8 19. Bg3 Nd5 20. Nge4 Bb6
21. b3 Ne3 22. Bb1 cxb3 23. axb3 Rac8 24. Bf2 Nd5 25. Bxb6 Nxb6 26. Nd6 Rxc3
27. Nxe8 Qxe8 28. Be4 Bc8 29. Qf2 Nbd7 30. Qd4 Rc5 31. Nf3 Ne6 32. Qf2 Rc3 33.
Re3 Rc5 34. Bf5 g6 35. Bxe6 Qxe6 36. Qh4 h5 37. Qd8+ Kg7 38. Rf1 Qf5 39. Kg1
Qg4 40. Ng5 Nxe5 41. Qf6+ Kh6 42. Rxe5 Qd4+ 43. Kh1 Rxe5 44. Nxf7+ Kh7 45. Qh8#
1-0

[Event "Eastpointe (EDO/4/3)"]
[Site "?"]
[Date "1995.??.??"]
[Round "?"]
[White "Gentry, Bronson"]
[Black "Franke, R."]
[Result "0-1"]
[WhiteElo "1605"]
[BlackElo "1830"]
[PlyCount "105"]
[EventDate "1995.??.??"]

{4/(3)} 1. e4 c5 2. Nf3 d6 3. c3 Nf6 4. Qc2 Qc7 5. Bc4 e6 6. d4 cxd4 7. cxd4
Bd7 8. e5 dxe5 9. dxe5 Nd5 10. O-O b5 11. Bd3 Qxc2 12. Bxc2 Be7 13. Bg5 h6 14.
Bh4 Nb4 15. Be4 Bc6 16. Bxe7 Kxe7 17. Bxc6 N8xc6 18. Nc3 a6 19. a3 Nd3 20. a4
b4 21. Nd1 a5 22. Nd2 Ndxe5 23. f4 Nd7 24. Nc4 Rhd8 25. Nde3 Nf6 26. f5 Rd4 27.
fxe6 fxe6 28. Rae1 Kf7 29. g4 g6 30. h4 Kg7 31. g5 hxg5 32. hxg5 Ng4 33. Rf3
Nxe3 34. Nxe3 Rf8 35. Rxf8 Kxf8 36. Rf1+ Ke7 37. Rf6 Re4 38. Kf2 Ne5 39. b3
Rxe3 40. Kxe3 Ng4+ 41. Ke4 Nxf6+ 42. gxf6+ Kxf6 43. Kf4 e5+ 44. Kg4 g5 45. Kf3
Kf5 46. Kg2 Kf4 47. Kf2 g4 48. Kg1 g3 49. Kf1 e4 50. Kg1 Kf3 51. Kh1 g2+ 52.
Kh2 Kf2 53. Kh3 0-1

[Event "Detroit (MI Team/1/1/3)"]
[Site "?"]
[Date "1995.??.??"]
[Round "?"]
[White "Gentry, Bronson"]
[Black "Drkulec, Vladimir"]
[Result "0-1"]
[WhiteElo "1605"]
[BlackElo "2140"]
[PlyCount "44"]
[EventDate "1995.??.??"]

{1/1} 1. e4 e5 2. Bc4 Bc5 3. Nf3 Nc6 4. c3 Nf6 5. d4 exd4 6. cxd4 Bb4+ 7. Bd2
Bxd2+ 8. Nbxd2 d5 9. exd5 Nxd5 10. O-O O-O 11. Ne4 Bg4 12. Qb3 Na5 13. Qb5 c6
14. Qa4 b5 15. Bxb5 cxb5 16. Qxb5 Bxf3 17. gxf3 Rb8 18. Qe2 Nc6 19. Rad1 Re8
20. Qd2 Qh4 21. Nc3 Nf4 22. Kh1 Re6 0-1

[Event "Troy (US Am N/4/32)"]
[Site "?"]
[Date "1995.??.??"]
[Round "?"]
[White "Gentry, Bronson"]
[Black "Distefano, R."]
[Result "1-0"]
[WhiteElo "1605"]
[BlackElo "1605"]
[PlyCount "53"]
[EventDate "1995.??.??"]

{4/(32)} 1. e4 c5 2. Nf3 d6 3. d4 cxd4 4. Nxd4 Nf6 5. Nc3 g6 6. Bc4 Bg7 7. f3
O-O 8. Be3 Bd7 9. Qd2 Nc6 10. Nb3 a6 11. Bh6 Rc8 12. Bxg7 Kxg7 13. h4 Ne5 14.
Bd5 Nc4 15. Bxc4 Rxc4 16. h5 Rh8 17. hxg6 fxg6 18. O-O-O Qc8 19. g4 b5 20. g5
Nh5 21. e5 Bf5 22. exd6 exd6 23. Qxd6 Re8 24. Nd4 Rxd4 25. Qxd4+ Kf7 26. Rh2
Ng3 27. Rxh7+ 1-0

[Event "Detroit (MI Team/2/3/4)"]
[Site "?"]
[Date "1995.??.??"]
[Round "?"]
[White "Gentry, Bronson"]
[Black "Castro, A."]
[Result "1-0"]
[WhiteElo "1605"]
[BlackElo "1605"]
[PlyCount "43"]
[EventDate "1995.??.??"]

{2/3} 1. e4 e5 2. f4 exf4 3. Nf3 Nc6 4. d4 Bd6 5. Bc4 Nf6 6. e5 Ng4 7. exd6
cxd6 8. Bxf4 Qe7+ 9. Qe2 Qxe2+ 10. Bxe2 O-O 11. O-O b6 12. Bxd6 Re8 13. Bc4 g6
14. Ng5 h5 15. Nxf7 Bb7 16. Ne5+ Kh7 17. Rf7+ Kh6 18. Nxg4+ Kg5 19. Nd2 hxg4
20. g3 Nxd4 21. Bf4+ Kh5 22. Rh7# 1-0

[Event "Troy (US Am N/2/6)"]
[Site "?"]
[Date "1995.??.??"]
[Round "?"]
[White "Geisleman, Dennis"]
[Black "Velasquez, A."]
[Result "1-0"]
[WhiteElo "2090"]
[BlackElo "1750"]
[PlyCount "43"]
[EventDate "1995.??.??"]

{2/(6)} 1. e4 c5 2. c4 Nc6 3. Ne2 g6 4. g3 Bg7 5. Bg2 Nf6 6. O-O O-O 7. Nbc3 d6
8. d3 a6 9. h3 Rb8 10. f4 Bd7 11. b3 b5 12. Bb2 e6 13. Qd2 Qb6 14. Rf2 Nd4 15.
Raf1 Ne8 16. f5 Nxe2+ 17. Nxe2 e5 18. f6 Bh8 19. g4 bxc4 20. dxc4 Be6 21. Nc3
Qa5 22. Nd5 1-0

[Event "Troy (US Am N/4/5)"]
[Site "?"]
[Date "1995.??.??"]
[Round "?"]
[White "Geisleman, Dennis"]
[Black "Landis, M."]
[Result "1-0"]
[WhiteElo "2080"]
[BlackElo "1975"]
[PlyCount "73"]
[EventDate "1995.??.??"]

{4/(5)} 1. e4 e5 2. Nf3 Nc6 3. Bc4 d6 4. d4 Be7 5. d5 Nb8 6. Bd3 Nf6 7. c4 Bg4
8. Nc3 Nbd7 9. h3 Bh5 10. Be3 Bg6 11. g4 h6 12. Qc2 c6 13. dxc6 bxc6 14. O-O-O
a5 15. Nh4 Nxg4 16. hxg4 Bxh4 17. c5 Nxc5 18. Bxc5 dxc5 19. f4 exf4 20. Bb5 Qf6
21. Nd5 Qe5 22. Bxc6+ Kf8 23. Bxa8 Bxe4 24. Qxc5+ Kg8 25. Ne7+ Qxe7 26. Qxe7
Bxe7 27. Bxe4 g6 28. Rd7 Bg5 29. Bd5 Rh7 30. Re1 f3+ 31. Kd1 h5 32. Re8+ Kg7
33. Rxf7+ Kh6 34. Rxh7+ Kxh7 35. gxh5 f2 36. hxg6+ Kxg6 37. Ke2 1-0

[Event "Troy (US Am N/5/30)"]
[Site "?"]
[Date "1995.??.??"]
[Round "?"]
[White "Gayle, M."]
[Black "Martell, Raul"]
[Result "0-1"]
[WhiteElo "1620"]
[BlackElo "1605"]
[PlyCount "50"]
[EventDate "1995.??.??"]

{5/(30)} 1. e4 e6 2. d4 d5 3. Nc3 Bb4 4. Bd3 Nc6 5. Nf3 Nge7 6. O-O O-O 7. e5
Ba5 8. Bxh7+ Kxh7 9. Ng5+ Kg6 10. Qg4 f5 11. exf6 Kxf6 12. Nh7+ Kf7 13. Nxf8
Qxf8 14. Bg5 Bd7 15. Rfe1 Nf5 16. Rad1 Qb4 17. Qh5+ Kg8 18. g4 Nfxd4 19. Re3
Ne5 20. Kg2 Nef3 21. Rxf3 Nxf3 22. Kxf3 Qxb2 23. Ne2 Rf8+ 24. Kg2 Qxc2 25. Nf4
Qxd1 0-1

[Event "Troy (US Am N/2/16)"]
[Site "?"]
[Date "1995.??.??"]
[Round "?"]
[White "Gayle, M."]
[Black "Kavalec, J."]
[Result "1/2-1/2"]
[WhiteElo "1620"]
[BlackElo "1920"]
[PlyCount "96"]
[EventDate "1995.??.??"]

{2/(16)} 1. e4 e5 2. f4 Bc5 3. Nf3 d6 4. Nc3 Nf6 5. d4 exd4 6. Nxd4 O-O 7. Nb3
Bb6 8. Be2 Nc6 9. a3 Be6 10. Qd3 d5 11. e5 Ng4 12. Bxg4 Bxg4 13. g3 Ne7 14. Be3
Bxe3 15. Qxe3 Nf5 16. Qf2 d4 17. Ne2 d3 18. Ned4 dxc2 19. Nxf5 Bxf5 20. O-O Qd5
21. Nd4 Bh3 22. Rfe1 Rfd8 23. Nxc2 Qa5 24. Rad1 Bg4 25. Rxd8+ Rxd8 26. Ne3 Rd2
27. b4 Rxf2 28. bxa5 Re2 29. Rd1 h5 30. Nxg4 hxg4 31. Rc1 c6 32. a6 Rb2 33.
axb7 Rxb7 34. Rxc6 Kf8 35. Rc2 Ke7 36. Kf2 Ke6 37. Ke2 Rb3 38. Rc6+ Kd7 39. Ra6
Rb7 40. f5 Kc7 41. e6 fxe6 42. Rxe6 Rb2+ 43. Kd3 Rb3+ 44. Kc2 Rxa3 45. Re7+ Kd6
46. Rxg7 Ke5 47. Rxg4 Ra2+ 48. Kb3 Rxh2 1/2-1/2

[Event "Troy (US Am N/3/11)"]
[Site "?"]
[Date "1995.??.??"]
[Round "?"]
[White "Gayle, M."]
[Black "Dangremond, Leonard"]
[Result "0-1"]
[WhiteElo "1620"]
[BlackElo "2000"]
[PlyCount "78"]
[EventDate "1995.??.??"]

{3/(11)} 1. e4 e5 2. f4 exf4 3. Bc4 g5 4. Nf3 Bg7 5. d4 d6 6. g3 g4 7. Nh4 f3
8. O-O Ne7 9. Nxf3 gxf3 10. Qxf3 Bxd4+ 11. Kh1 Be6 12. Bxe6 fxe6 13. Bg5 Nbc6
14. c3 Be5 15. Nd2 Kd7 16. Nc4 Qe8 17. Bxe7 Qxe7 18. Qh5 Raf8 19. Rfd1 Qf6 20.
Rf1 Qg6 21. Qe2 Qg7 22. Ne3 Rxf1+ 23. Rxf1 Rf8 24. Rd1 Qf6 25. Rf1 Qh6 26. Rg1
a6 27. Ng4 Qg6 28. Nf2 Qf6 29. Kg2 h5 30. Rf1 Qg6 31. Rg1 Bg7 32. Nd3 Qg4 33.
Qe3 Ne5 34. Ne1 Nc4 35. Qd3 Nxb2 36. Qc2 Nd1 37. Qd3 Rf2+ 38. Kh1 Rxa2 39. Qc4
Qxe4+ 0-1

[Event "East Lansing (Class DE/1/22)"]
[Site "?"]
[Date "1995.??.??"]
[Round "?"]
[White "Gatesy, Matthew"]
[Black "Sullivant-Jones, W."]
[Result "1-0"]
[WhiteElo "1605"]
[BlackElo "1605"]
[PlyCount "71"]
[EventDate "1995.??.??"]

{1/(22)} 1. e4 e5 2. Nf3 Nc6 3. Bb5 Nf6 4. Nc3 d6 5. d3 Be7 6. Bg5 O-O 7. O-O
Bd7 8. Bxc6 Bxc6 9. d4 Nxe4 10. Bxe7 Qxe7 11. Nxe4 Bxe4 12. Qe2 Bxf3 13. Qxf3
c6 14. dxe5 Qxe5 15. Rae1 Qxb2 16. Re7 Qxa2 17. Rxb7 Qxc2 18. Re1 d5 19. h3 Qg6
20. Ree7 f6 21. Qg4 Rf7 22. Qxg6 Rxe7 23. Qb1 Rae8 24. Rxe7 Rxe7 25. Qc2 Rc7
26. Qc5 Kf7 27. Qd6 Re7 28. Qxc6 Re1+ 29. Kh2 Rd1 30. Qd7+ Kf8 31. Qxa7 d4 32.
Qb8+ Ke7 33. Kg3 d3 34. Qb6 d2 35. Kf3 Re1 36. Qb4+ 1-0

[Event "Gaylord (NMO/5/19)"]
[Site "?"]
[Date "1995.??.??"]
[Round "?"]
[White "Gatesy, Matthew"]
[Black "Rodriguez, P."]
[Result "0-1"]
[WhiteElo "1605"]
[BlackElo "1605"]
[PlyCount "76"]
[EventDate "1995.??.??"]

{5/(19)} 1. d4 d5 2. c4 e6 3. Nc3 Nc6 4. Nf3 Bb4 5. Bf4 Nf6 6. e3 O-O 7. Bd3 a6
8. O-O Na5 9. cxd5 exd5 10. a3 Bd6 11. Bg5 Be7 12. Bxf6 Bxf6 13. e4 dxe4 14.
Nxe4 Bg4 15. Qe2 Bxd4 16. Ng3 Bxb2 17. Qe4 g6 18. Rae1 Bxa3 19. Qxg4 Qxd3 20.
Nh5 Be7 21. Ng3 Nc6 22. Ne5 Qd4 23. Qxd4 Nxd4 24. Ng4 Bd6 25. Nf6+ Kg7 26. Re4
Ne6 27. Nd5 b5 28. Rg4 f5 29. Rh4 a5 30. Re1 Nc5 31. Rd4 Rfe8 32. Rxe8 Rxe8 33.
f4 a4 34. Rb4 c6 35. Nc3 Nd3 36. Rd4 Bc5 37. Nge2 Bxd4+ 38. Kf1 Bxc3 0-1

[Event "East Lansing (Class DE/5/18)"]
[Site "?"]
[Date "1995.??.??"]
[Round "?"]
[White "Gatesy, Matthew"]
[Black "Roberts, Andy"]
[Result "0-1"]
[WhiteElo "1605"]
[BlackElo "1605"]
[PlyCount "52"]
[EventDate "1995.??.??"]

{5/(18)} 1. e4 e5 2. Nf3 Nc6 3. Bb5 Nf6 4. Nc3 Bc5 5. O-O d6 6. d3 O-O 7. Bg5
Bd7 8. Nd5 a6 9. Bxf6 gxf6 10. Bxc6 Bxc6 11. Nh4 Bxd5 12. Qg4+ Kh8 13. exd5 Rg8
14. Qh5 Qf8 15. Nf5 Rg5 16. Qh3 Qg8 17. Rae1 Re8 18. Re4 Qg6 19. Nh6 Rh5 20.
Rfe1 f5 21. d4 Bb4 22. c3 Ba5 23. Rh4 Rg5 24. Re3 f4 25. Rxf4 Qb1+ 26. Re1
Qxe1# 0-1

[Event "Gaylord (NMO/1/16)"]
[Site "?"]
[Date "1995.??.??"]
[Round "?"]
[White "Gatesy, Matthew"]
[Black "Mitchell, J."]
[Result "0-1"]
[WhiteElo "1605"]
[BlackElo "1620"]
[PlyCount "108"]
[EventDate "1995.??.??"]

{1/(16)} 1. e4 c6 2. Nf3 d5 3. exd5 cxd5 4. d4 Bf5 5. Nc3 e6 6. Be2 Nf6 7. Bg5
Be7 8. O-O Nbd7 9. Re1 O-O 10. Bd3 Bxd3 11. Qxd3 h6 12. Bf4 Rc8 13. Ne5 Nxe5
14. dxe5 Nd7 15. Qg3 Bg5 16. Ne2 Rxc2 17. Rab1 Bxf4 18. Nxf4 Qg5 19. Qd3 Rfc8
20. g3 Nxe5 21. Qe3 Ng4 22. Qxa7 Rxf2 23. Re2 Rxe2 24. Nxe2 Qe3+ 25. Qxe3 Nxe3
26. Kf2 Nf5 27. Rd1 Rc2 28. Kf1 Ne3+ 29. Ke1 Nxd1 30. Kxd1 Rxb2 31. Nc3 Rxh2
32. a4 d4 33. Nb5 e5 34. Nd6 Rb2 35. Kc1 Ra2 36. Nxb7 Rxa4 37. Kd2 e4 38. Nc5
e3+ 39. Kd3 Ra3+ 40. Kxd4 e2 41. Nd3 Rxd3+ 42. Kxd3 e1=Q 43. g4 Kf8 44. Kd4 Ke7
45. g5 hxg5 46. Kd5 Kd7 47. Kd4 Kd6 48. Kc4 Qe3 49. Kb4 Qc1 50. Kb5 Kc7 51. Kb4
Kc6 52. Kb3 Kc5 53. Ka4 Qb2 54. Ka5 Qa3# 0-1

[Event "Gaylord (NMO/4/20)"]
[Site "?"]
[Date "1995.??.??"]
[Round "?"]
[White "Gatesy, Matthew"]
[Black "Jacobs, Ron"]
[Result "0-1"]
[WhiteElo "1605"]
[BlackElo "1605"]
[PlyCount "82"]
[EventDate "1995.??.??"]

{4/(20)} 1. e4 c5 2. Nf3 d6 3. Bc4 g6 4. Ng5 e6 5. d3 Nf6 6. O-O Bg7 7. Bf4 Nc6
8. Nc3 a6 9. Re1 b5 10. e5 dxe5 11. Bxe5 bxc4 12. dxc4 Qxd1 13. Raxd1 O-O 14.
Rd6 Bb7 15. Na4 Nxe5 16. Rxe5 Ne8 17. Rd7 Bxe5 18. Rxb7 Nd6 19. Nxc5 Nxc4 20.
Rd7 Rad8 21. Rxd8 Rxd8 22. g3 Bxb2 23. Nxa6 Bg7 24. a4 Rd1+ 25. Kg2 Ra1 26. Nc5
Bd4 27. Nge4 f5 28. Nb3 fxe4 29. Nxa1 Bxa1 30. h4 Kf7 31. g4 Kf6 32. Kg3 Na5
33. Kf4 Bd4 34. g5+ Kf7 35. Kxe4 Bxf2 36. Ke5 Bxh4 37. Kf4 Be1 38. Kg4 Nc6 39.
c4 Ne5+ 40. Kf4 Nxc4 41. Kf3 Ba5 0-1

[Event "East Lansing (Class DE/2/4)"]
[Site "?"]
[Date "1995.??.??"]
[Round "?"]
[White "Gatesy, Matthew"]
[Black "Gaiefsky, S."]
[Result "0-1"]
[WhiteElo "1605"]
[BlackElo "1605"]
[PlyCount "64"]
[EventDate "1995.??.??"]

{2/(4)} 1. e4 g6 2. Nc3 Bg7 3. Nf3 d6 4. Bc4 Nf6 5. d4 O-O 6. O-O Nc6 7. Bg5
Na5 8. b3 Nxc4 9. bxc4 c5 10. dxc5 dxc5 11. Qxd8 Rxd8 12. Rad1 Be6 13. Rxd8+
Rxd8 14. Ne5 Ng4 15. Nxg4 Bxg4 16. Bxe7 Rd7 17. Nd5 Be2 18. Rb1 Bxc4 19. Ne3
Bxa2 20. Rd1 Rxe7 21. Rd8+ Bf8 22. Ng4 Kg7 23. f3 Re6 24. Rd7 h5 25. Ne3 Rb6
26. h4 Rb1+ 27. Kf2 Be6 28. Rd8 Be7 29. Re8 Bxh4+ 30. Ke2 Bd7 31. Re5 Bb5+ 32.
Kd2 Be1# 0-1

[Event "Lansing (Mini-Swiss.1/2)"]
[Site "?"]
[Date "1995.??.??"]
[Round "?"]
[White "Garrison, Ray"]
[Black "Sobocinski, Mike"]
[Result "1-0"]
[WhiteElo "2005"]
[BlackElo "1900"]
[PlyCount "114"]
[EventDate "1995.??.??"]

{1/(2)} 1. d4 d5 2. Nf3 Nf6 3. Bf4 e6 4. Nbd2 Be7 5. e3 O-O 6. Bd3 b6 7. Ne5
Bb7 8. h4 Nbd7 9. h5 Nxe5 10. dxe5 Ne4 11. Qg4 Kh8 12. Nf3 Nc5 13. Bg6 f5 14.
Qh3 Ne4 15. h6 Rg8 16. Bxh7 g5 17. Bxg8 Kxg8 18. Qh5 Qe8 19. Qxe8+ Rxe8 20. Bh2
Kh7 21. Bg1 Rg8 22. Nd4 Rg6 23. O-O-O c5 24. Ne2 Ba6 25. Re1 Bd8 26. Rh2 Bc7
27. f3 Bxe2 28. Rxe2 Ng3 29. Rf2 Bxe5 30. f4 gxf4 31. exf4 Bd4 32. Kd1 Bxf2 33.
Bxf2 Ne4 34. Be1 Rxh6 35. Rxh6+ Kxh6 36. Bh4 Kh5 37. Bd8 Kg4 38. Bc7 Kg3 39. a4
Kxg2 40. Bb8 a6 41. Ke2 Nf6 42. c3 Nd7 43. Bd6 Kg3 44. Ke3 c4 45. Bc7 Nc5 46.
Kd4 Nxa4 47. Ke5 Nxb2 48. Kxe6 Kg4 49. Kxd5 b5 50. Kc5 Na4+ 51. Kb4 Kf3 52. Be5
Ke4 53. Ka5 Nc5 54. Kb6 Nd7+ 55. Kxa6 Nxe5 56. Kxb5 Kxf4 57. Kc5 Ke4 1-0

[Event "Lansing (Mini-Swiss.1/1)"]
[Site "?"]
[Date "1995.??.??"]
[Round "?"]
[White "Garrison, Ray"]
[Black "Sobocinski, Mike"]
[Result "1-0"]
[WhiteElo "1965"]
[BlackElo "2005"]
[PlyCount "127"]
[EventDate "1995.??.??"]

{1/(1)} 1. d4 d5 2. Nf3 Nf6 3. Bf4 c5 4. e3 Nc6 5. c3 c4 6. Ne5 Qb6 7. Qc1 Bf5
8. Be2 g6 9. Nd2 Bg7 10. g4 Nxe5 11. Bxe5 Bd3 12. Bxd3 cxd3 13. g5 Nh5 14. Bxg7
Nxg7 15. Nf3 Qe6 16. Ne5 Qf5 17. Qd1 Qe4 18. Qa4+ Kf8 19. O-O-O Nf5 20. Nxd3
Nd6 21. Nf4 Kg7 22. Qc2 Rhd8 23. Qxe4 Nxe4 24. Nh3 b5 25. f3 Nd6 26. Nf4 e6 27.
Nd3 Rac8 28. Kb1 f6 29. h4 fxg5 30. hxg5 Nf5 31. e4 Ng3 32. Rh3 Nh5 33. e5 Rf8
34. Rdh1 Rf5 35. f4 Kf7 36. Kc2 b4 37. Kd2 bxc3+ 38. bxc3 Kg8 39. Rh4 Rc7 40.
Rb1 Rcf7 41. Rb8+ Kg7 42. Ke3 Re7 43. Nc5 Rf8 44. Rb4 Ng3 45. Kf3 Nf5 46. Rh2
h5 47. gxh6+ Nxh6 48. Rg2 Nf5 49. Rh2 g5 50. Rbb2 Nh4+ 51. Kg4 Rxf4+ 52. Kxg5
Ng6 53. Rbf2 Rxf2 54. Rxf2 Nf8 55. Nd3 Rc7 56. Nc5 Re7 57. Nd3 Rc7 58. Nf4 Rxc3
59. Nh5+ Kg8 60. Nf6+ Kg7 61. Ne8+ Kg8 62. Kf6 Rg3 63. Ke7 Ng6+ 64. Kxe6 1-0

[Event "East Lansing (MI Op/6/17)"]
[Site "?"]
[Date "1995.??.??"]
[Round "?"]
[White "Garrison, Ray"]
[Black "Smith, Mike A"]
[Result "0-1"]
[WhiteElo "1945"]
[BlackElo "1885"]
[PlyCount "92"]
[EventDate "1995.??.??"]

{6/(17)} 1. d4 Nf6 2. Nf3 c5 3. c3 cxd4 4. cxd4 d5 5. Bf4 Bf5 6. Qb3 Qc8 7. Nc3
e6 8. Rc1 Nc6 9. Nb5 Bb4+ 10. Kd1 Ne4 11. Bg3 O-O 12. Ne5 Bd2 13. Nxc6 bxc6 14.
Nd6 Nxd6 15. Bxd6 Bxc1 16. Bxf8 Rb8 17. Qg3 Qxf8 18. Kxc1 Qb4 19. Qc3 Qxc3+ 20.
bxc3 Rb1+ 21. Kd2 Rb2+ 22. Kd1 Rxa2 23. f3 a5 24. g4 Bg6 25. h4 h6 26. f4 Be4
27. Rg1 a4 28. c4 a3 29. Rg3 Ra1+ 30. Kd2 a2 31. Ra3 dxc4 32. e3 c3+ 33. Kxc3
Rc1+ 34. Kb2 Rc2+ 35. Kb3 Rf2 36. Bc4 Bd5 37. Bxd5 cxd5 38. Rxa2 Rf3 39. Re2
Rg3 40. g5 h5 41. Kb4 Rh3 42. Kc5 Rxh4 43. Rb2 g6 44. Kd6 Kg7 45. Ke5 Rh3 46.
e4 Re3 0-1

[Event "East Lansing (Class A/2/1)"]
[Site "?"]
[Date "1995.??.??"]
[Round "?"]
[White "Garrison, Ray"]
[Black "Mankiewicz, Ryan"]
[Result "1-0"]
[WhiteElo "1915"]
[BlackElo "1940"]
[PlyCount "93"]
[EventDate "1995.??.??"]

{2/(1)} 1. d4 e6 2. Nf3 d5 3. Bf4 Nf6 4. Nbd2 Bd6 5. Ne5 Nbd7 6. e3 a6 7. Bd3
Qe7 8. h4 c5 9. c3 b5 10. Ndf3 Bb7 11. Qe2 c4 12. Bc2 Bxe5 13. Bxe5 Nxe5 14.
Nxe5 Nd7 15. f4 a5 16. Qf3 f5 17. Bd1 Nxe5 18. fxe5 h5 19. Qg3 Kf7 20. a3 b4
21. axb4 axb4 22. Rxa8 Bxa8 23. O-O bxc3 24. bxc3 g5 25. Qxg5 Qxg5 26. hxg5 Kg6
27. Ba4 Rb8 28. Ra1 Kxg5 29. Bd7 f4 30. exf4+ Kxf4 31. Bxe6 Bc6 32. Rf1+ Ke3
33. Bf7 Kd2 34. Rf3 Rb3 35. Rf6 Kxc3 36. Rxc6 Kxd4 37. e6 Rb7 38. Rd6 Rb1+ 39.
Kh2 Re1 40. Rxd5+ Kxd5 41. e7+ Kd4 42. e8=Q Rxe8 43. Bxe8 c3 44. Bg6 Ke5 45.
Kg3 Kf6 46. Bc2 Kg5 47. Bd3 1-0

[Event "East Lansing (Class A/1/11)"]
[Site "?"]
[Date "1995.??.??"]
[Round "?"]
[White "Garrison, Ray"]
[Black "June, Brian"]
[Result "1-0"]
[WhiteElo "1915"]
[BlackElo "1800"]
[PlyCount "103"]
[EventDate "1995.??.??"]

{1/(11)} 1. d4 Nf6 2. Nf3 c5 3. Bf4 g6 4. dxc5 Qa5+ 5. Nc3 Nc6 6. Qd2 Qxc5 7.
h3 Bg7 8. e4 d6 9. Be3 Qa5 10. Be2 a6 11. O-O b5 12. a3 Bb7 13. Ne1 O-O 14. f3
Rac8 15. Nd3 Rfd8 16. Qe1 d5 17. exd5 Nxd5 18. Nxd5 Rxd5 19. Qf2 Bd4 20. c3
Bxe3 21. Qxe3 Qc7 22. Rad1 Ne5 23. Nf4 Rdd8 24. Rxd8+ Rxd8 25. Rd1 Rxd1+ 26.
Bxd1 Nc4 27. Qc1 Qe5 28. Nd3 Qd6 29. Nf2 Qc5 30. Bb3 Nd6 31. Kf1 Nf5 32. Qd2
Qe5 33. Ng4 Qc5 34. Qf4 Bd5 35. Qb8+ Kg7 36. Qe5+ f6 37. Qxd5 Qxd5 38. Bxd5 h5
39. Bb7 hxg4 40. hxg4 Ne3+ 41. Ke2 Nxg2 42. Bxa6 b4 43. cxb4 Nf4+ 44. Ke3 e5
45. Bc4 Kf8 46. a4 Ke7 47. a5 Kd7 48. b5 Kc7 49. b4 Nh3 50. b6+ Kb8 51. a6 Nf4
52. b5 1-0

[Event "East Lansing (MI Op/4/7)"]
[Site "?"]
[Date "1995.??.??"]
[Round "?"]
[White "Garrison, Ray"]
[Black "Finegold, Mark"]
[Result "0-1"]
[WhiteElo "1945"]
[BlackElo "2245"]
[PlyCount "65"]
[EventDate "1995.??.??"]

{4/(7)} 1. d4 d5 2. Nf3 Nc6 3. Bf4 e6 4. Nbd2 Nf6 5. e3 Bd6 6. Ne5 Ne7 7. Bd3
Ng6 8. Bg3 c5 9. c3 Qc7 10. Ndf3 Ne4 11. Bb5+ Ke7 12. Nxg6+ hxg6 13. Bxd6+ Nxd6
14. Ne5 Nxb5 15. h4 Bd7 16. Rh3 Rac8 17. Qg4 Rh5 18. Rf3 Be8 19. O-O-O b6 20.
Re1 Rf5 21. Rh3 Kd8 22. e4 dxe4 23. Qxe4 cxd4 24. Rd3 Ke7 25. h5 Rxe5 26. Qxe5
Qxe5 27. Rxe5 dxc3 28. hxg6 cxb2+ 29. Kxb2 f6 30. Re1 Bxg6 31. Rg3 Rc2+ 32. Ka1
Nc3 33. Rxg6 0-1